[Event "Curitiba Parana-ch"]
[Site "Curitiba"]
[Date "2016.01.28"]
[Round "4"]
[White "Souza, Kim Garcia De"]
[Black "Aguiar, Lucas Teodoro Barbo"]
[Result "1/2-1/2"]
[WhiteElo "1773"]
[BlackElo "1560"]
[PlyCount "60"]
[EventDate "2016.01.26"]
[EventType "swiss"]
[EventRounds "8"]
[EventCountry "BRA"]
[SourceTitle "CBM 170 Extra"]
[Source "ChessBase"]
[SourceDate "2016.02.25"]
[SourceVersion "1"]
[SourceVersionDate "2016.02.25"]
[SourceQuality "1"]

1. b4 e5 2. Bb2 Bxb4 3. Bxe5 Nf6 4. Nf3 0-0 5. e3 Re8 6. Bb2 d5 7. Be2 c5 8. 0-0 Nc6 9. d3 Bg4 10. Nbd2 Qd6 11. Nb3 Ba5 12. Nxa5 Nxa5 13. h3 Bh5 14. Rb1 b6 15. Re1 Nc6 16. Nh2 Bxe2 17. Qxe2 Rad8 18. Ng4 d4 19. Nxf6+ Qxf6 20. Qg4 Qd6 21. a3 g6 22. Re2 dxe3 23. fxe3 f5 24. Qc4+ Qd5 25. Qc3 Qe5 26. Qd2 Qe6 27. Rbe1 Re7 28. Qc3 Kf7 29. Qg7+ Ke8 30. Qf6 Kd7 1/2-1/2

[Event "Foz do Iguacu Regional-ch"]
[Site "Foz do Iguacu"]
[Date "2014.01.24"]
[Round "4"]
[White "Finkler, Bruna Kastner Olivi"]
[Black "Aguiar, Lucas Teodoro Barbo"]
[Result "0-1"]
[WhiteElo "1805"]
[BlackElo "1779"]
[PlyCount "98"]
[EventDate "2014.01.22"]
[EventType "swiss"]
[EventRounds "7"]
[EventCountry "BRA"]
[SourceTitle "CBM 158 Extra"]
[Source "ChessBase"]
[SourceDate "2014.02.28"]
[SourceVersion "1"]
[SourceVersionDate "2014.02.28"]
[SourceQuality "1"]

1. d4 Nf6 2. c4 g6 3. Nc3 d5 4. Bg5 dxc4 5. e3 Bg7 6. Bxc4 0-0 7. Nf3 Bg4 8. 0-0 Nc6 9. h3 Bxf3 10. Qxf3 Na5 11. b3 Nxc4 12. bxc4 c6 13. Rab1 Qa5 14. Rb3 Qxg5 15. Rxb7 Qa5 16. Rc1 c5 17. Rb5 Qa3 18. Qd1 cxd4 19. exd4 e6 20. Rb3 Qa6 21. c5 Rfd8 22. a3 Nd5 23. Nb5 Qc6 24. Qf3 Rdb8 25. Rcb1 f5 26. g4 a6 27. Nc3 Rxb3 28. Rxb3 Bxd4 29. Nxd5 Qxd5 30. Qxd5 exd5 31. c6 Rc8 32. Rd3 Bc5 33. Rxd5 Rxc6 34. gxf5 gxf5 35. Rxf5 Bxa3 36. Ra5 Rg6+ 37. Kf1 Bb4 38. Ra2 a5 39. f4 Rg3 40. f5 Rf3+ 41. Ke2 Rxf5 42. Kd3 Rf3+ 43. Kc4 Rxh3 44. Kb5 Rg3 45. Rc2 Rf3 46. Rg2+ Kf7 47. Rh2 Rf5+ 48. Ka4 h5 49. Kb3 Kg6 0-1

[Event "Curitiba Oliveira Memorial"]
[Site "Curitiba"]
[Date "2012.12.14"]
[Round "1"]
[White "Silva, Henrique"]
[Black "Aguiar, Lucas Teodoro Barbo"]
[Result "1-0"]
[WhiteElo "2050"]
[BlackElo "1800"]
[PlyCount "39"]
[EventDate "2012.12.14"]
[EventType "swiss"]
[EventRounds "6"]
[EventCountry "BRA"]
[SourceTitle "CBM 152 Extra"]
[Source "ChessBase"]
[SourceDate "2013.02.25"]
[SourceVersion "1"]
[SourceVersionDate "2013.02.25"]
[SourceQuality "1"]

1. d4 Nf6 2. Nf3 g6 3. c4 c6 4. g3 Bg7 5. Bg2 d5 6. 0-0 0-0 7. Qb3 Na6 8. Nc3 Nc7 9. Bf4 Ne6 10. Be5 dxc4 11. Qxc4 Qb6 12. b4 Nc7 13. e4 Be6 14. d5 Bd7 15. Rac1 Nb5 16. Nxb5 Qxb5 17. Qxb5 cxb5 18. Rc7 b6 19. Bxf6 Bxf6 20. Rxd7 1-0

[Event "Parana-chT U18"]
[Site "Sao Jose dos Pinhais"]
[Date "2012.11.15"]
[Round "2.4"]
[White "Da Silva, Alan Guimaraes"]
[Black "Aguiar, Lucas Teodoro Barbo"]
[Result "1-0"]
[WhiteElo "1613"]
[BlackElo "2176"]
[PlyCount "61"]
[EventDate "2012.11.14"]
[EventType "team-swiss"]
[EventRounds "7"]
[EventCountry "BRA"]
[SourceTitle "EXT 2024"]
[Source "ChessBase"]
[SourceDate "2023.10.10"]
[SourceVersion "1"]
[SourceVersionDate "2023.10.10"]
[SourceQuality "1"]
[WhiteTeam "Paranavai"]
[BlackTeam "Siqueira Campos"]
[WhiteTeamCountry "BRA"]
[BlackTeamCountry "BRA"]

1. d4 d5 2. c4 e6 3. Nf3 Nc6 4. Bf4 Bb4+ 5. Nc3 Nf6 6. e3 0-0 7. Be2 Ne4 8. Qc2 Nxc3 9. bxc3 Bd6 10. Bg3 f6 11. c5 Be7 12. Rb1 Bd7 13. Rxb7 Rc8 14. 0-0 Be8 15. Qa4 Qd7 16. Bb5 Bd8 17. Rxa7 Rf7 18. Ra8 Rxa8 19. Qxa8 Re7 20. Bxc6 Qxc6 21. Qxd8 Qd7 22. Qxd7 Rxd7 23. a4 Rf7 24. a5 c6 25. a6 Ra7 26. Ra1 Bd7 27. Bb8 Ra8 28. a7 Bc8 29. Rb1 g6 30. Rb6 Kg7 31. Rxc6 1-0

[Event "Araucaria-ch"]
[Site "Araucaria"]
[Date "2011.12.09"]
[Round "2.7"]
[White "Aguiar, Lucas Teodoro Barbo"]
[Black "Fier, Luciano dos Santos"]
[Result "0-1"]
[WhiteElo "2176"]
[BlackElo "2024"]
[PlyCount "48"]
[EventDate "2011.12.09"]
[EventType "swiss"]
[EventRounds "6"]
[EventCountry "BRA"]
[SourceTitle "EXT 2022"]
[Source "ChessBase"]
[SourceDate "2021.10.06"]
[SourceVersion "1"]
[SourceVersionDate "2021.10.06"]
[SourceQuality "1"]

1. e4 e5 2. Nf3 Nc6 3. Bb5 a6 4. Bxc6 dxc6 5. Nc3 f6 6. d4 exd4 7. Qxd4 Qxd4 8. Nxd4 c5 9. Nf3 Bg4 10. Nd2 0-0-0 11. Nb3 c4 12. Nd2 Bb4 13. 0-0 Ne7 14. f3 Be6 15. Re1 Rd7 16. a3 Ba5 17. b4 cxb3 18. Na4 Bxd2 19. Rd1 Bxc1 20. Rxd7 Be3+ 21. Kf1 Bxd7 22. cxb3 Bxa4 23. Ke2 Bd4 24. Rd1 Bb5+ 0-1

[Event "Maringa op"]
[Site "Maringa"]
[Date "2011.07.02"]
[Round "5"]
[White "Silva, Luis Fernando Alves"]
[Black "Aguiar, Lucas Teodoro Barbo"]
[Result "1-0"]
[WhiteElo "1567"]
[BlackElo "1980"]
[PlyCount "127"]
[EventDate "2011.06.30"]
[EventType "swiss"]
[EventRounds "7"]
[EventCountry "BRA"]
[SourceTitle "EXT 2014"]
[Source "ChessBase"]
[SourceDate "2013.11.20"]
[SourceVersion "1"]
[SourceVersionDate "2013.11.20"]
[SourceQuality "1"]

1. d4 d5 2. Nf3 Nf6 3. e3 Nc6 4. a3 Bf5 5. Bd3 Bxd3 6. Qxd3 e6 7. b3 Bd6 8. Bb2 Qe7 9. Nbd2 e5 10. dxe5 Nxe5 11. Nxe5 Bxe5 12. Bd4 Bxd4 13. Qxd4 0-0 14. Qb4 Qxb4 15. axb4 Rfe8 16. 0-0 h6 17. c4 b6 18. Ra2 Re7 19. c5 Rd7 20. Rd1 d4 21. Nf3 dxe3 22. Rxd7 Nxd7 23. fxe3 bxc5 24. Rd2 Nf6 25. bxc5 Rb8 26. Ra2 Rxb3 27. Rxa7 Rb1+ 28. Kf2 Ne4+ 29. Ke2 Rb2+ 30. Kf1 Rc2 31. Rxc7 Rxc5 32. Re7 Nf6 33. Ne5 Kh7 34. Nxf7 Rf5+ 35. Ke2 Nd5 36. Rd7 Kg6 37. Nd6 Rh5 38. h3 Nf6 39. Re7 Rd5 40. Re6 Kh7 41. Ne8 Nxe8 42. Rxe8 Kg6 43. Rf8 Re5 44. Kf3 Rf5+ 45. Rxf5 Kxf5 46. g4+ Ke5 47. h4 g5 48. h5 Kd5 49. Kf2 Ke5 50. Ke2 Kd5 51. Kd3 Ke5 52. e4 Kf4 53. Kd4 Kxg4 54. e5 Kxh5 55. e6 g4 56. e7 g3 57. e8Q+ Kh4 58. Qe4+ Kh3 59. Qf5+ Kg2 60. Ke3 Kh2 61. Kf3 g2 62. Qh5+ Kg1 63. Qg4 Kf1 64. Qxg2+ 1-0

[Event "Maringa op"]
[Site "Maringa"]
[Date "2011.06.30"]
[Round "1"]
[White "Silva, Lucas Ulisses Tomaz"]
[Black "Aguiar, Lucas Teodoro Barbo"]
[Result "1-0"]
[WhiteElo "2062"]
[BlackElo "1980"]
[PlyCount "41"]
[EventDate "2011.06.30"]
[EventType "swiss"]
[EventRounds "7"]
[EventCountry "BRA"]
[SourceTitle "EXT 2014"]
[Source "ChessBase"]
[SourceDate "2013.11.20"]
[SourceVersion "1"]
[SourceVersionDate "2013.11.20"]
[SourceQuality "1"]

1. e4 c5 2. Nf3 d6 3. d4 cxd4 4. Nxd4 e6 5. Nc3 Bd7 6. Bc4 Nc6 7. 0-0 g6 8. Be3 Bg7 9. Ndb5 Qe7 10. Nc7+ Kd8 11. Nxa8 Nf6 12. f3 e5 13. Bg5 h6 14. Nd5 Qe6 15. Bxf6+ Bxf6 16. Nac7 Qxd5 17. Nxd5 Bg5 18. f4 exf4 19. Nxf4 Bxf4 20. Rxf4 Be6 21. Qxd6+ 1-0

[Event "Brasiliense-ch 50th"]
[Site "Brasilia"]
[Date "2010.09.04"]
[Round "8.1"]
[White "Aguiar, Lucas Teodoro Barbo"]
[Black "Mariano, Marceley Martins"]
[Result "1-0"]
[WhiteElo "2089"]
[BlackElo "2032"]
[PlyCount "47"]
[EventDate "2010.08.17"]
[EventType "tourn"]
[EventRounds "13"]
[EventCountry "BRA"]
[SourceTitle "EXT 2022"]
[Source "ChessBase"]
[SourceDate "2021.10.06"]
[SourceVersion "1"]
[SourceVersionDate "2021.10.06"]
[SourceQuality "1"]

1. e4 c5 2. Nf3 d6 3. d4 cxd4 4. Nxd4 Nf6 5. Nc3 g6 6. h3 Bg7 7. g3 Nc6 8. Nde2 Bd7 9. Bg2 Rc8 10. 0-0 0-0 11. Be3 a6 12. b3 b5 13. Nd5 Nxd5 14. exd5 Nb4 15. c3 Rxc3 16. Nxc3 Bxc3 17. Bh6 Bf5 18. a3 Nd3 19. g4 Bxg4 20. Qxd3 Bxa1 21. Rxa1 Bf5 22. Qc3 f6 23. Bxf8 Qxf8 24. Qc7 1-0

[Event "Brasiliense-ch 50th"]
[Site "Brasilia"]
[Date "2010.08.28"]
[Round "4.1"]
[White "Aguiar, Lucas Teodoro Barbo"]
[Black "Lucena, Lincoln"]
[Result "1/2-1/2"]
[WhiteElo "2089"]
[BlackElo "2111"]
[PlyCount "63"]
[EventDate "2010.08.17"]
[EventType "tourn"]
[EventRounds "13"]
[EventCountry "BRA"]
[SourceTitle "EXT 2022"]
[Source "ChessBase"]
[SourceDate "2021.10.06"]
[SourceVersion "1"]
[SourceVersionDate "2021.10.06"]
[SourceQuality "1"]

1. e4 c5 2. Nf3 Nc6 3. d4 cxd4 4. Nxd4 Nf6 5. Nc3 e5 6. Ndb5 h6 7. Nd6+ Bxd6 8. Qxd6 Qe7 9. Qxe7+ Kxe7 10. Be3 d6 11. 0-0-0 Be6 12. f3 a6 13. Be2 b5 14. Rd2 Rhc8 15. Rhd1 Ne8 16. g4 Na5 17. Nd5+ Bxd5 18. Rxd5 Nc4 19. Bf2 Rc6 20. b3 Nb6 21. R5d2 Nc7 22. f4 f6 23. f5 a5 24. h4 a4 25. g5 hxg5 26. hxg5 axb3 27. axb3 Ra1+ 28. Kb2 Rxd1 29. Rxd1 Nd7 30. g6 Nc5 31. Bxc5 dxc5 32. Rh1 1/2-1/2

[Event "Brasiliense-ch 50th"]
[Site "Brasilia"]
[Date "2010.08.26"]
[Round "1.1"]
[White "Rezende, Guilherme Vilela"]
[Black "Aguiar, Lucas Teodoro Barbo"]
[Result "0-1"]
[WhiteElo "1999"]
[BlackElo "2089"]
[PlyCount "76"]
[EventDate "2010.08.17"]
[EventType "tourn"]
[EventRounds "13"]
[EventCountry "BRA"]
[SourceTitle "EXT 2022"]
[Source "ChessBase"]
[SourceDate "2021.10.06"]
[SourceVersion "1"]
[SourceVersionDate "2021.10.06"]
[SourceQuality "1"]

1. d4 d5 2. c4 c6 3. Nf3 Nf6 4. Nc3 a6 5. cxd5 cxd5 6. Bf4 Nc6 7. e3 Bg4 8. Be2 e6 9. 0-0 Be7 10. h3 Bh5 11. Rc1 0-0 12. g4 Bg6 13. Nh4 Be4 14. f3 Bg6 15. Nxg6 hxg6 16. Bd3 Bd6 17. Bg5 e5 18. Nxd5 exd4 19. e4 Nb4 20. Bc4 Nbxd5 21. Bxd5 Qb6 22. Bxf6 gxf6 23. Qb3 Qa5 24. Qd3 Bf4 25. Qxd4 Bxc1 26. Rxc1 Kg7 27. g5 Qd8 28. gxf6+ Qxf6 29. Qxf6+ Kxf6 30. Bxb7 Rab8 31. Rc7 Ke5 32. Bxa6 Rxb2 33. Bc4 f6 34. Bb3 Kf4 35. Rf7 Rc8 36. Rxf6+ Ke3 37. Rd6 Rc1+ 38. Bd1 Rd2 0-1

[Event "Brasilia 50 years"]
[Site "Brasilia"]
[Date "2010.04.20"]
[Round "7.6"]
[White "Aguiar, Lucas Teodoro Barbo"]
[Black "Brasileiro, Antonio Carlos"]
[Result "1-0"]
[WhiteElo "2059"]
[BlackElo "1728"]
[PlyCount "47"]
[EventDate "2010.04.17"]
[EventType "swiss"]
[EventRounds "9"]
[EventCountry "BRA"]
[SourceTitle "EXT 2022"]
[Source "ChessBase"]
[SourceDate "2021.10.06"]
[SourceVersion "1"]
[SourceVersionDate "2021.10.06"]
[SourceQuality "1"]

1. e4 c5 2. Nf3 d6 3. d4 cxd4 4. Nxd4 Nf6 5. Nc3 a6 6. Be2 e5 7. Nb3 Be6 8. f4 exf4 9. Bxf4 Nc6 10. Qd2 Qc7 11. 0-0-0 Rd8 12. Nd5 Bxd5 13. exd5 Ne5 14. Nd4 Nxd5 15. Nb5 axb5 16. Qxd5 Be7 17. Bxe5 dxe5 18. Qxb5+ Kf8 19. Rxd8+ Bxd8 20. Rd1 Bg5+ 21. Kb1 Ke7 22. Qb4+ Kf6 23. Rd6+ Ke7 24. Rc6+ 1-0

[Event "Brasilia Josetti Memorial"]
[Site "Brasilia"]
[Date "2009.12.05"]
[Round "3"]
[White "De Oliveira, Maicon Almeida"]
[Black "Aguiar, Lucas Teodoro Barbo"]
[Result "0-1"]
[WhiteElo "1826"]
[BlackElo "1997"]
[PlyCount "48"]
[EventDate "2009.12.03"]
[EventType "tourn"]
[EventRounds "9"]
[EventCountry "BRA"]
[SourceTitle "EXT 2022"]
[Source "ChessBase"]
[SourceDate "2021.10.06"]
[SourceVersion "1"]
[SourceVersionDate "2021.10.06"]
[SourceQuality "1"]

1. d4 Nf6 2. c4 e6 3. Nf3 d5 4. Nc3 Be7 5. e3 c6 6. Bd3 dxc4 7. Bxc4 b5 8. Bd3 0-0 9. 0-0 Bb7 10. Qc2 a6 11. Ne4 Nxe4 12. Bxe4 f5 13. Bd3 c5 14. dxc5 Bxf3 15. gxf3 Nc6 16. Bd2 Rf6 17. b4 Qe8 18. Bc3 Rh6 19. f4 Qh5 20. f3 Rd8 21. Rf2 Rg6+ 22. Kh1 Bh4 23. Rg2 Qxf3 24. Qe2 Qxg2+ 0-1

[Event "Brasiliense-ch 49th"]
[Site "Brasilia"]
[Date "2009.09.17"]
[Round "13.5"]
[White "Cavalcante, Rodrigo Moreira"]
[Black "Aguiar, Lucas Teodoro Barbo"]
[Result "1/2-1/2"]
[WhiteElo "100"]
[BlackElo "1981"]
[PlyCount "78"]
[EventDate "2009.08.31"]
[EventType "tourn"]
[EventRounds "13"]
[EventCountry "BRA"]
[SourceTitle "EXT 2022"]
[Source "ChessBase"]
[SourceDate "2021.10.06"]
[SourceVersion "1"]
[SourceVersionDate "2021.10.06"]
[SourceQuality "1"]

1. c4 c5 2. Nf3 Nc6 3. g3 Nf6 4. Bg2 g6 5. Nc3 d5 6. cxd5 Nxd5 7. 0-0 Nc7 8. d3 Bg7 9. Be3 Ne6 10. Qd2 0-0 11. Bh6 f5 12. Bxg7 Kxg7 13. h4 h6 14. Na4 Qd6 15. Rac1 b6 16. Qc3+ Rf6 17. b3 Bb7 18. e3 Nb4 19. Rcd1 b5 20. Nb2 Nxa2 21. Qa5 Nb4 22. d4 Qb6 23. Qxb6 axb6 24. dxc5 Nxc5 25. Ra1 Rxa1 26. Rxa1 Bxf3 27. Bxf3 Nxb3 28. Ra7 Re6 29. Nd1 Nd2 30. Be2 Nc4 31. Nc3 Nd6 32. Nxb5 Nxb5 33. Bxb5 Kf6 34. Rb7 Rd6 35. Kf1 e5 36. Bc4 g5 37. h5 e4 38. Rf7+ Ke5 39. Re7+ Kf6 1/2-1/2

[Event "Brasiliense-ch 49th"]
[Site "Brasilia"]
[Date "2009.09.08"]
[Round "5.1"]
[White "Aguiar, Lucas Teodoro Barbo"]
[Black "Matozo, Paulo Adriano"]
[Result "1-0"]
[WhiteElo "1981"]
[BlackElo "1997"]
[PlyCount "81"]
[EventDate "2009.08.31"]
[EventType "tourn"]
[EventRounds "13"]
[EventCountry "BRA"]
[SourceTitle "EXT 2022"]
[Source "ChessBase"]
[SourceDate "2021.10.06"]
[SourceVersion "1"]
[SourceVersionDate "2021.10.06"]
[SourceQuality "1"]

1. e4 Nf6 2. e5 Nd5 3. d4 d6 4. Nf3 Bg4 5. Be2 e6 6. c4 Nb6 7. exd6 cxd6 8. 0-0 Nc6 9. d5 exd5 10. cxd5 Bxf3 11. Bxf3 Ne5 12. Be2 Be7 13. a4 0-0 14. a5 Nbd7 15. Be3 b6 16. a6 Nc5 17. Nc3 f5 18. b4 Ncd7 19. Nb5 Nb8 20. Nd4 Rf7 21. f4 Ng6 22. Bd3 Bf6 23. Ne6 Qe8 24. Rc1 Nf8 25. Re1 Nxe6 26. dxe6 Re7 27. Qf3 Nxa6 28. Bxa6 Rd8 29. Qd5 Qa4 30. b5 g6 31. Rc6 Qa3 32. Bc8 Qb4 33. Bd2 Qa3 34. Bd7 Kg7 35. Qxd6 Qb3 36. Bc3 Bxc3 37. Qxe7+ Kh6 38. Be8 Rxe8 39. Qg5+ Kg7 40. Rc7+ Kg8 41. Qh6 1-0

[Event "Brasiliense-ch 49th"]
[Site "Brasilia"]
[Date "2009.09.02"]
[Round "3.2"]
[White "Aguiar, Lucas Teodoro Barbo"]
[Black "Japiassu, Ricardo de Villa No"]
[Result "1-0"]
[WhiteElo "1981"]
[BlackElo "1872"]
[PlyCount "55"]
[EventDate "2009.08.31"]
[EventType "tourn"]
[EventRounds "13"]
[EventCountry "BRA"]
[SourceTitle "EXT 2022"]
[Source "ChessBase"]
[SourceDate "2021.10.06"]
[SourceVersion "1"]
[SourceVersionDate "2021.10.06"]
[SourceQuality "1"]

1. e4 e6 2. d4 d5 3. Nd2 c5 4. Ngf3 cxd4 5. exd5 Qxd5 6. Bc4 Qd6 7. 0-0 Nf6 8. Nb3 Nc6 9. Nbxd4 Nxd4 10. Nxd4 Qc7 11. Bd3 Bd7 12. Be3 a6 13. a4 Bd6 14. h3 b6 15. Qe2 Qb7 16. Bg5 Be7 17. Bxf6 Bxf6 18. Be4 Qa7 19. Bxa8 Qxa8 20. Rfd1 0-0 21. c3 Bc8 22. Rd3 Bb7 23. Nf3 Rc8 24. Qe3 Be4 25. Rd6 Be7 26. Rd7 Bc5 27. Qf4 Rf8 28. b4 1-0

[Event "Brasiliense-ch 49th playoff"]
[Site "Brasilia"]
[Date "2009.01.??"]
[Round "3"]
[White "Aguiar, Lucas Teodoro Barbo"]
[Black "Shumyatsky, Victor"]
[Result "0-1"]
[WhiteElo "2008"]
[BlackElo "2132"]
[PlyCount "78"]
[EventDate "2009.01.??"]
[EventType "match"]
[EventRounds "3"]
[EventCountry "BRA"]
[SourceTitle "EXT 2022"]
[Source "ChessBase"]
[SourceDate "2021.10.06"]
[SourceVersion "1"]
[SourceVersionDate "2021.10.06"]
[SourceQuality "1"]

1. e4 c5 2. Nf3 Nc6 3. d4 cxd4 4. Nxd4 Nf6 5. Nc3 d6 6. Bg5 e6 7. Qd2 a6 8. 0-0-0 h6 9. Be3 Be7 10. f4 Nxd4 11. Bxd4 b5 12. Qe1 b4 13. Nb1 0-0 14. Bxf6 Bxf6 15. e5 Be7 16. Qxb4 dxe5 17. Qe4 Qb6 18. fxe5 Bb7 19. Qe1 Rac8 20. Nd2 Bd5 21. Kb1 a5 22. a4 Qb4 23. Bb5 Qc5 24. c3 Qb6 25. Qe2 Qb7 26. h4 Rfd8 27. Nf3 Rb8 28. Rd4 Bc5 29. Rf4 Bc6 30. c4 Rd7 31. Rf1 Rbd8 32. Ka2 Qb6 33. g4 Be3 34. Bxc6 Qxc6 35. Qxe3 Rd3 36. Qxd3 Rxd3 37. b3 Qc5 38. Kb2 Qb4 39. Nd4 Qc3+ 0-1